MARC details
| 001 - CONTROL NUMBER |
| control field |
20774083 |
| 003 - CONTROL NUMBER IDENTIFIER |
| control field |
0199028 |
| 005 - DATE AND TIME OF LATEST TRANSACTION |
| control field |
20251011124344.0 |
| 008 - FIXED-LENGTH DATA ELEMENTS--GENERAL INFORMATION |
| fixed length control field |
181129s2019 enk b 001 0 eng c |
| 010 ## - LIBRARY OF CONGRESS CONTROL NUMBER |
| LC control number |
2018054233 |
| 020 ## - INTERNATIONAL STANDARD BOOK NUMBER |
| International Standard Book Number |
9781509530526 |
| 020 ## - INTERNATIONAL STANDARD BOOK NUMBER |
| International Standard Book Number |
9781509530533 |
| 035 ## - SYSTEM CONTROL NUMBER |
| System control number |
20774083 |
| 040 ## - CATALOGING SOURCE |
| Original cataloging agency |
LBSOR/DLC |
| Language of cataloging |
eng |
| Transcribing agency |
LBSOR |
| Description conventions |
rda |
| Modifying agency |
DLC |
| 042 ## - AUTHENTICATION CODE |
| Authentication code |
pcc |
| 050 00 - LIBRARY OF CONGRESS CALL NUMBER |
| Classification number |
JZ6368 |
| Item number |
.O97 2023 |
| 082 00 - DEWEY DECIMAL CLASSIFICATION NUMBER |
| Classification number |
327.1/7 |
| Edition number |
23 |
| 100 1# - MAIN ENTRY--PERSONAL NAME |
| Personal name |
Owsiak, Andrew P. |
| Relator term |
author. |
| 245 10 - TITLE STATEMENT |
| Title |
International conflict management / |
| Statement of responsibility, etc |
Andrew P. Owsiak, J. Michael Greig, and Paul F. Diehl. |
| 260 ## - PUBLICATION, DISTRIBUTION, ETC. (IMPRINT) |
| Place of publication, distribution, etc |
New York |
| Name of publisher, distributor, etc |
Routledge |
| Date of publication, distribution, etc |
2023 |
| 264 #1 - PUBLICATION, DISTRIBUTION, ETC. (IMPRINT) |
| Place of publication, distribution, etc |
New York |
| Name of publisher, distributor, etc |
Routledge |
| Date of publication, distribution, etc |
2023 |
| 300 ## - PHYSICAL DESCRIPTION |
| Extent |
vii, 193p.: |
| Other physical details |
ill. chart, and tables |
| 336 ## - CONTENT TYPE |
| Content type term |
text |
| Source |
rdacontent |
| 337 ## - MEDIA TYPE |
| Media type term |
unmediated |
| Source |
rdamedia |
| 338 ## - CARRIER TYPE |
| Carrier type term |
volume |
| Source |
rdacarrier |
| 504 ## - BIBLIOGRAPHY, ETC. NOTE |
| Bibliography, etc |
Includes bibliographical references and index. |
| 505 0# - FORMATTED CONTENTS NOTE |
| Formatted contents note |
Introducing international conflict management -- Key ideas and frameworks -- Intervention -- Sanctions -- Negotiations -- Mediation -- Legal approaches -- Peace operations: peacekeeping and peacebuilding -- The intersection of conflict management approaches. |
| 520 ## - SUMMARY, ETC. |
| Summary, etc |
"International conflict has long plagued the world, and continues to do so. This comprehensive text introduces the varied approaches and factors that promote the deescalation and the peaceful management of conflict across the globe - from negotiation to arbitration, adjudication to peace ops, sanctions, and military or humanitarian intervention"-- |
| Assigning source |
Provided by publisher. |
| 650 #0 - SUBJECT ADDED ENTRY--TOPICAL TERM |
| Topical term or geographic name as entry element |
Conflict management |
| General subdivision |
International cooperation. |
| 650 #0 - SUBJECT ADDED ENTRY--TOPICAL TERM |
| Topical term or geographic name as entry element |
Peace-building |
| General subdivision |
International cooperation. |
| 650 #0 - SUBJECT ADDED ENTRY--TOPICAL TERM |
| Topical term or geographic name as entry element |
Diplomatic negotiations in international disputes. |
| 650 #0 - SUBJECT ADDED ENTRY--TOPICAL TERM |
| Topical term or geographic name as entry element |
Pacific settlement of international disputes. |
| 700 1# - ADDED ENTRY--PERSONAL NAME |
| Personal name |
Owsiak, Andrew P., |
| Relator term |
author. |
| 700 1# - ADDED ENTRY--PERSONAL NAME |
| Personal name |
Diehl, Paul F. |
| Fuller form of name |
(Paul Francis), |
| Relator term |
author. |
| 776 08 - ADDITIONAL PHYSICAL FORM ENTRY |
| Relationship information |
Online version: |
| Main entry heading |
Greig, J. Michael, author. |
| Title |
International conflict management |
| Place, publisher, and date of publication |
Cambridge, UK ; Medford, MA : Polity Press, 2019 |
| International Standard Book Number |
9781509530557 |
| Record control number |
(DLC) 2019016696 |
| 906 ## - LOCAL DATA ELEMENT F, LDF (RLIN) |
| a |
7 |
| b |
cbc |
| c |
orignew |
| d |
1 |
| e |
ecip |
| f |
20 |
| g |
y-gencatlg |
| 942 ## - ADDED ENTRY ELEMENTS (KOHA) |
| Source of classification or shelving scheme |
Library of Congress Classification |
| Koha item type |
Books |